000 01198nam0a22002531 4500
001 rc\841766
005 20260406221707.0
035 _a(NLR Aleph) 006023074
090 _a7448457
_c7448457
100 _a20041129d1984 |||y0rusy50 ca
101 0 _arus
102 _aRU
105 _ay |||||||||
200 1 _aМетодические рекомендации по определению содержания полиэтиленгликоля в сывороточных препаратах, изготовленных из крови человека и животных
_fМ-во здравоохранения СССР, Гл. упр. карантин. инфекций
_g[Сост. чл.-кор. АМН СССР, проф. С.Г. Дзагуров и др.]
210 _aМ.
_cБ. и.
_d1984
215 _a15 с.
_d20
320 _aБиблиогр.: с. 13-14
702 1 _aДзагуров
_bС.Г.
_gСослан Григорьевич
_4220
712 0 1 _aСССР
_bГлавное управление карантинных инфекций
_3RU\NLR\AUTH\889976497
_9449770
801 0 _aRU
_bNLR
_gpsbo
801 1 _aRU
_bELAR
_2rusmarc
852 _aNLR
_j84-4/23000
942 _cBOOK
980 _aNB